|
|
|
|
| LEADER |
01394nam a2200373 a 4500 |
| 001 |
EBC3384120 |
| 003 |
MiAaPQ |
| 005 |
20200520144314.0 |
| 006 |
m o d | |
| 007 |
cr cn||||||||| |
| 008 |
130621s2011 enk sb 001 0deng d |
| 020 |
|
|
|z 9781906924362
|
| 020 |
|
|
|z 9781906924379
|
| 020 |
|
|
|a 9781906924386 (electronic bk.)
|
| 035 |
|
|
|a (MiAaPQ)EBC3384120
|
| 035 |
|
|
|a (Au-PeEL)EBL3384120
|
| 035 |
|
|
|a (CaPaEBR)ebr10720932
|
| 035 |
|
|
|a (OCoLC)923318067
|
| 040 |
|
|
|a MiAaPQ
|c MiAaPQ
|d MiAaPQ
|
| 043 |
|
|
|a e------
|
| 050 |
|
4 |
|a PS2127.E87
|b H46 2011
|
| 245 |
0 |
0 |
|a Henry James's Europe
|h [electronic resource] :
|b heritage and transfer /
|c edited by Dennis Tredy, Annick Duperray and Adrian Harding.
|
| 260 |
|
|
|a Cambridge [England] :
|b Open Book Publishers,
|c 2011.
|
| 300 |
|
|
|a xxiv, 292 p.
|
| 504 |
|
|
|a Includes bibliographical references and index.
|
| 533 |
|
|
|a Electronic reproduction. Ann Arbor, MI : ProQuest, 2015. Available via World Wide Web. Access may be limited to ProQuest affiliated libraries.
|
| 600 |
1 |
0 |
|a James, Henry,
|d 1843-1916
|x Knowledge
|x Europe.
|
| 651 |
|
0 |
|a Europe
|x In literature.
|
| 655 |
|
4 |
|a Electronic books.
|
| 700 |
1 |
|
|a Tredy, Dennis.
|
| 700 |
1 |
|
|a Duperray, Annick.
|
| 700 |
1 |
|
|a Harding, Adrian.
|
| 710 |
2 |
|
|a ProQuest (Firm)
|
| 856 |
4 |
0 |
|u https://ebookcentral.proquest.com/lib/matrademy/detail.action?docID=3384120
|z Click to View
|